000 00272nam a22001217a 4500
008 170320b xxu||||| |||| 00| 0 eng d
041 _aeng
080 _25TH
_a616.8
100 _a7
101 _aSHM
245 _aTEXTBOOK OF CHILD NEUROLOGY
_cMENKES, J.H
942 _2udc
_cBK
999 _c8104
_d8104